02073nam a2200385uu 4500001000800000005001700008008004100025020001800066035001200084040001300096041000800109080000600117100009400123245018100217260005800398300001800456490004100474520063700515650003601152650005201188650003701240650003201277650003001309650002001339650002901359650002301388650003401411650002101445650004201466650002401508650002701532700004501559700004601604700003701650142032220260508090411.0150908nuuuuuuuu spa  a9789587382006 a1420322 ccomduadb aspa aN 0aDueñas Ruíz, Oscar Joséd1940-4aut0(isni)0000 0000 7998 63860(viaf)60500118eaut10aDerechos humanos y políticas públicas para el adulto mayor : situación en Colombia y referencias iberoamericanas. Colombia, España, Ecuador, Cuba, Costa Rica, y Uruguay aBogotá :bEditorial Universidad del Rosario,c2011. a590 páginas0 aColección Textos de Jurisprudencia3 aRESUMEN: Este texto presenta una investigación cualitativa y cuantitativa sobre la situación de los derechos a la salud, a las pensiones y a los servicios sociales del adulto mayor, teniendo como base Colombia, pero también en relación con España, Costa Rica, Cuba, Ecuador y Uruguay, en cuanto a normatividad, políticas sociales y contexto de la seguridad social. El escenario investigativo tiene como telón de fondo el acelerado proceso del envejecimiento global, la creciente importancia de Latinoamérica en el mundo y el propósito de la mayoría de sus países de mejorar la calidad de vida de sus habitantes 7aSeguridad socialzColombia2dcs 7aSeguridad socialxLegislaciónzColombia2lemb aSeguridad social - Legislación aSistema pensional público aPensiones de jubilación 7aPensiones2lemb 7aPensioneszColombia2dcs aPensiones de vejez aVejez - Aspectos económicos aVejez - Colombia aVejez - Programas de bienestar social aAncianos - Colombia aEnvejecimiento y salud10aRiaño Barón, Gina Magnolia4auteaut10aPalacios Sanabria, Maria Teresa4auteaut10aSierra Camargo, Ximena4auteaut